| 000 | 00979cam a2200265 4500 | ||
|---|---|---|---|
| 008 | 010823n2001 000 0 eng u | ||
| 020 | _a189838360X | ||
| 035 | _a(Sirsi) u114298 | ||
| 100 | _aWineman, V. | ||
| 245 | _aContracts (Rights of Third Parties) Act 1999 : a milestone in English law | ||
| 260 |
_aLondon _bEstates Gazette _bLark Productions _c2001 |
||
| 300 |
_a103p. _c21cm. |
||
| 350 | _a15.00 | ||
| 490 |
_aEstates Gazette Need to Know Series _v9 |
||
| 520 | _aThe ninth title in the "Estates Gazette" 'Need to know series' aims to describe the origins of the doctrine of privity and the impact of the Contracts (Rights of Third Parties) Act 1999 which came into force on 11 November 1999. | ||
| 650 | _aCONTRACT LAW | ||
| 650 |
_aContracts _96232 |
||
| 650 | _aCONTRACTS (RIGHTS OF THIRD PARTIES) ACT 1999 | ||
| 650 | _aPRIVITY | ||
| 650 | _aPRIVITY OF CONTRACT | ||
| 650 | _aTHIRD PARTIES | ||
| 690 | _aLAW | ||
| 700 | _aVegoda, V. | ||
| 942 | _n0 | ||
| 999 |
_c101604 _d101604 |
||